[Event "Wch Seniors 50 29th"]
[Site "Bucharest"]
[Date "2019.11.22"]
[Round "10"]
[White "Anuta, Laurentiu"]
[Black "Moise, Octavian"]
[Result "1/2-1/2"]
[WhiteElo "1825"]
[BlackElo "2068"]
[PlyCount "23"]
[EventDate "2019.11.12"]
[EventType "swiss"]
[EventRounds "11"]
[EventCountry "ROU"]
[SourceTitle "CBM 193 Extra"]
[Source "ChessBase"]
[SourceDate "2020.01.31"]
[SourceVersion "1"]
[SourceVersionDate "2020.01.31"]
[SourceQuality "1"]

1. d4 f5 2. Nf3 Nf6 3. Bf4 d6 4. e3 c6 5. Bd3 g6 6. Nbd2 Bg7 7. 0-0 0-0 8. Bc4+ d5 9. Bd3 Be6 10. h3 Nbd7 11. Ne5 Nxe5 12. Bxe5 1/2-1/2

[Event "Wch Seniors 50 29th"]
[Site "Bucharest"]
[Date "2019.11.20"]
[Round "8"]
[White "Rusek, Walter"]
[Black "Moise, Octavian"]
[Result "1/2-1/2"]
[WhiteElo "1820"]
[BlackElo "2068"]
[PlyCount "79"]
[EventDate "2019.11.12"]
[EventType "swiss"]
[EventRounds "11"]
[EventCountry "ROU"]
[SourceTitle "CBM 193 Extra"]
[Source "ChessBase"]
[SourceDate "2020.01.31"]
[SourceVersion "1"]
[SourceVersionDate "2020.01.31"]
[SourceQuality "1"]

1. d4 d5 2. Nf3 Nf6 3. Bf4 c5 4. e3 Nc6 5. c3 Qb6 6. Qb3 c4 7. Qc2 Bf5 8. Qc1 Nh5 9. Bg5 h6 10. Bh4 g5 11. Bg3 Nxg3 12. hxg3 Bg7 13. Be2 Qc7 14. Bd1 e5 15. Bc2 e4 16. Nbd2 Be6 17. Nh2 b5 18. Bd1 a5 19. Qc2 f5 20. Bh5+ Bf7 21. Qd1 0-0 22. Bxf7+ Rxf7 23. Qh5 Ne7 24. Ndf1 b4 25. Qd1 Rb8 26. Rb1 Qb6 27. Nd2 Qd6 28. Qa4 Nc6 29. Qd1 Rfb7 30. 0-0 bxc3 31. bxc3 Qa3 32. Rxb7 Rxb7 33. Qh5 Qe7 34. Rb1 Rxb1+ 35. Nxb1 Na7 36. Qg6 Qf6 37. Qe8+ Qf8 38. Qd7 Qf7 39. Qd8+ Bf8 40. Qxa5 1/2-1/2

[Event "Wch Seniors 50 29th"]
[Site "Bucharest"]
[Date "2019.11.19"]
[Round "7"]
[White "Moise, Octavian"]
[Black "Fugulyan, Grigore"]
[Result "1/2-1/2"]
[WhiteElo "2068"]
[BlackElo "1835"]
[PlyCount "28"]
[EventDate "2019.11.12"]
[EventType "swiss"]
[EventRounds "11"]
[EventCountry "ROU"]
[SourceTitle "CBM 193 Extra"]
[Source "ChessBase"]
[SourceDate "2020.01.31"]
[SourceVersion "1"]
[SourceVersionDate "2020.01.31"]
[SourceQuality "1"]

1. d4 Nf6 2. c4 g6 3. Nc3 d6 4. e4 Bg7 5. Be2 0-0 6. Bg5 c6 7. Qd2 Qa5 8. f3 Nbd7 9. Nh3 e5 10. d5 cxd5 11. Nxd5 Qxd2+ 12. Bxd2 Nxd5 13. cxd5 f5 14. 0-0 Bf6 1/2-1/2

[Event "Wch Seniors 50 29th"]
[Site "Bucharest"]
[Date "2019.11.16"]
[Round "5"]
[White "Moise, Octavian"]
[Black "Wolf, Eran"]
[Result "1/2-1/2"]
[WhiteElo "2068"]
[BlackElo "1813"]
[PlyCount "39"]
[EventDate "2019.11.12"]
[EventType "swiss"]
[EventRounds "11"]
[EventCountry "ROU"]
[SourceTitle "CBM 193 Extra"]
[Source "ChessBase"]
[SourceDate "2020.01.31"]
[SourceVersion "1"]
[SourceVersionDate "2020.01.31"]
[SourceQuality "1"]

1. d4 Nf6 2. c4 g6 3. Nc3 d5 4. cxd5 Nxd5 5. Bd2 Bg7 6. e4 Nxc3 7. Bxc3 0-0 8. Nf3 b6 9. Be2 e6 10. 0-0 Bb7 11. Qc2 Nd7 12. Rfd1 Nf6 13. Bd3 Qe7 14. Qe2 Rfd8 15. b4 Rac8 16. Rac1 Nd7 17. Bc4 Nf6 18. Bd3 Nd7 19. Bc4 Nf6 20. Bd3 1/2-1/2

[Event "Wch Seniors 50 29th"]
[Site "Bucharest"]
[Date "2019.11.15"]
[Round "4"]
[White "Bennett, Hilton Petrie"]
[Black "Moise, Octavian"]
[Result "1/2-1/2"]
[WhiteElo "1906"]
[BlackElo "2068"]
[PlyCount "66"]
[EventDate "2019.11.12"]
[EventType "swiss"]
[EventRounds "11"]
[EventCountry "ROU"]
[SourceTitle "CBM 193 Extra"]
[Source "ChessBase"]
[SourceDate "2020.01.31"]
[SourceVersion "1"]
[SourceVersionDate "2020.01.31"]
[SourceQuality "1"]

1. e4 c5 2. Nc3 e6 3. f4 d5 4. exd5 exd5 5. Bb5+ Nc6 6. Qe2+ Be7 7. Nf3 Nf6 8. d4 0-0 9. Bxc6 bxc6 10. Be3 Re8 11. Ne5 Qb6 12. Qd2 cxd4 13. Bxd4 c5 14. Na4 Qc7 15. Bf2 d4 16. 0-0 Ne4 17. Qd3 Nxf2 18. Rxf2 Bd6 19. Raf1 f6 20. Nc4 Bf8 21. b3 Bb7 22. Nab2 Qd7 23. a4 Be4 24. Qd2 Bd5 25. Qd3 Re7 26. Qd2 Rae8 27. h3 Re4 28. Qd3 h5 29. Qd1 Qf5 30. Qd3 Qd7 31. Qd1 Qf7 32. Qd3 h4 33. Qd1 Qg6 1/2-1/2

[Event "Wch Seniors 50 29th"]
[Site "Bucharest"]
[Date "2019.11.13"]
[Round "2"]
[White "Minasian, Artashes"]
[Black "Moise, Octavian"]
[Result "1-0"]
[WhiteElo "2486"]
[BlackElo "2068"]
[PlyCount "49"]
[EventDate "2019.11.12"]
[EventType "swiss"]
[EventRounds "11"]
[EventCountry "ROU"]
[SourceTitle "CBM 193 Extra"]
[Source "ChessBase"]
[SourceDate "2020.01.31"]
[SourceVersion "1"]
[SourceVersionDate "2020.01.31"]
[SourceQuality "1"]

1. e4 c5 2. Nf3 Nc6 3. Bb5 g6 4. Bxc6 dxc6 5. d3 Bg7 6. Nc3 e5 7. Be3 b6 8. Qd2 Bg4 9. Ng1 Be6 10. Nge2 Nf6 11. h3 Nd7 12. Bh6 Bxh6 13. Qxh6 Qe7 14. a4 a5 15. b3 f6 16. Nd1 Qf8 17. Qd2 h5 18. Ne3 f5 19. exf5 gxf5 20. f4 Qf6 21. 0-0 0-0-0 22. Rae1 e4 23. dxe4 fxe4 24. Nc3 Qh4 25. Qd6 1-0